01009nam a2200229 a 450000100060000000300090000600800410001502000180005604000280007408200160010210000370011824500950015526000280025030000100027865000350028865000330032394200120035699900170036895201380038595201240052395201320064723564CO-ViMGA141112s2004 ck r 000 u spa d a9789582004651 aCO-ViMGAbspacCO-ViMGA04a371.9 C673i1 aCorrea Alzate, Jorge Ivan93399510aIntegracion Escolar para poblacion con necesidades especiales / cJorge Ivan Correa Alzate aColombia : bMagisterio a110p.14aeducación DE NIÑOS 91291514aeducación ESPECIAL 921470 2ddccBK c31684d31684 00102ddc40708003aMEVIECARbMEVIECARd2015-12-04h05/may/2011l0o371.9 C673i p24442r2015-12-04 00:00:00tEj. 1w2015-12-04yBK 00102ddc40708003aMEVIECARbMEVIECARd2015-12-04l0o371.9 C673ip29376r2015-12-04 00:00:00tEj. 2w2015-12-04yBK 00102ddc40708GENaMEGUAMALbMEGUAMALcGENd2024-05-22l0o371.9 C67ipGUA003856r2024-05-22 19:56:56tEj.1w2024-05-22yBK